000 00748cab a2200241 4500
001 WB3005-30
008 090401t1994 xxu||||| |||| 00| 0 eng d
035 _a(Sirsi) u62255
041 _aeng
245 _aPlanning performance checklist
260 _c1994
350 _a0
490 _aDoE News Release
_v(61) 31 January 1994 (15)
520 _aA second planning performance checklist has been published. It shows the number of planning decisions made by local planning authorities.
650 _aCITIZENS CHARTER
650 _aPLANNING APPLICATIONS
650 _aPLANNING DECISIONS
650 _aPLANNING PERFORMANCE CHECKLIST
650 _aSTATISTICS
690 _aPLANNING LAW AND PRACTICE
942 _n0
948 _c04/03/1997
999 _c38687
_d38687